| 000 | 00560nam a22001937a 4500 | ||
|---|---|---|---|
| 003 | CEME | ||
| 005 | 20210628203458.0 | ||
| 008 | 210119b xxu||||| |||| 00| 0 eng d | ||
| 020 | _a9780071481489 | ||
| 040 | _cceme | ||
| 082 | _a683.80288 KLE | ||
| 100 |
_aKleinert, Eric _965697 |
||
| 245 | _aTroubleshooting and repairing major appliances | ||
| 250 | _a2ND | ||
| 260 |
_aNEW YORK _bMCGRAW HILL _c2007 |
||
| 300 | _aXXIV, 720P | ||
| 650 |
_aREPAIRING- MAJOR APPLIANCES.HOUSEHOLD APPLIANCES, ELECTRIC-MAINTEA\NANCE AND REPAIR _965698 |
||
| 942 |
_cBK _2ddc |
||
| 999 |
_c573835 _d573835 |
||